[Event "III Scaccomatto A"]
[Site "Torino ITA"]
[Date "2000.11.25"]
[Round "8"]
[White "Antoniacci, Riccardo"]
[Black "Malano, Francesco"]
[Result "0-1"]
[WhiteElo "2065"]
[BlackElo "2028"]
[PlyCount "118"]
[EventDate "2000.11.18"]

1. e4 c5 2. Nf3 Nc6 3. d4 cxd4 4. Nxd4 g6 5. c4 Bg7 6. Be3 Nf6 7. Nc3 d6 8. Be2
O-O 9. O-O a6 10. f3 Bd7 11. Qd2 Nxd4 12. Bxd4 Rc8 13. Rac1 Qa5 14. Rfd1 Rfe8
15. Qe3 Qh5 16. Qf2 g5 17. b4 Be6 18. Nd5 g4 19. Nb6 Rc6 20. a4 gxf3 21. Bxf3
Ng4 22. Qg3 Bxd4+ 23. Rxd4 Rxb6 24. e5 Qxe5 25. Rxg4+ Bxg4 26. Qxg4+ Kf8 27.
Rf1 Rxb4 28. Qh4 Rxa4 29. Qxh7 Ra1 30. Bd1 Qd4+ 31. Kh1 Qg7 32. Qh5 e6 33. Qf3
Re7 34. h4 b5 35. Qa8+ Re8 36. Qc6 Qd4 37. Qf3 Qxh4+ 38. Kg1 Re7 39. Qc3 Rb1
40. g3 Qh6 41. Kg2 Rc1 42. Qd4 e5 43. Qf2 bxc4 44. Rh1 Qg7 45. Qf5 Re6 46. Qe4
Re8 47. Qc6 Qf6 48. Ba4 Rxh1 49. Qxe8+ Kg7 50. Kxh1 d5 51. Kg2 c3 52. Qd7 Qe6
53. Qd8 f6 54. Qc7+ Qf7 55. Qxc3 d4 56. Qf3 Qa2+ 57. Kh3 Qxa4 58. Qb7+ Kf8 59.
Qb8+ Ke7 0-1

[Event "III Scaccomatto A"]
[Site "Torino ITA"]
[Date "2000.11.25"]
[Round "8"]
[White "Fittante, Giuliana"]
[Black "Straub, Peter"]
[Result "0-1"]
[WhiteElo "1812"]
[BlackElo "2086"]
[PlyCount "50"]
[EventDate "2000.11.18"]

1. d4 Nf6 2. Nf3 e6 3. Bg5 h6 4. Bh4 c5 5. e3 Qb6 6. Nc3 cxd4 7. Bxf6 gxf6 8.
Qxd4 Qxd4 9. exd4 Bb4 10. g3 d5 11. Bg2 Bd7 12. O-O O-O 13. Ne1 Rc8 14. Nd3
Bxc3 15. bxc3 Rxc3 16. Nc5 b6 17. Nd3 Nc6 18. Nf4 Nxd4 19. Nh5 Bb5 20. Nxf6+
Kf8 21. Rfd1 Nxc2 22. a4 Bc6 23. Ng4 Kg7 24. Ne5 Be8 25. h4 Nxa1 0-1

[Event "III Scaccomatto A"]
[Site "Torino ITA"]
[Date "2000.11.25"]
[Round "8"]
[White "Gleizerov, Evgeny"]
[Black "Epishin, Vladimir V."]
[Result "1/2-1/2"]
[WhiteElo "2569"]
[BlackElo "2559"]
[PlyCount "25"]
[EventDate "2000.11.18"]

1. d4 d5 2. c4 c6 3. Nf3 Nf6 4. cxd5 cxd5 5. Nc3 Nc6 6. Bf4 Bf5 7. e3 e6 8. Bd3
Bxd3 9. Qxd3 Bd6 10. Bxd6 Qxd6 11. O-O O-O 12. Rfc1 Rfc8 13. Qb5 1/2-1/2

[Event "III Scaccomatto A"]
[Site "Torino ITA"]
[Date "2000.11.25"]
[Round "8"]
[White "Jurkovic, Ante"]
[Black "Romanishin, Oleg M."]
[Result "1/2-1/2"]
[WhiteElo "2370"]
[BlackElo "2602"]
[PlyCount "116"]
[EventDate "2000.11.18"]

1. e4 c5 2. Nf3 e6 3. d4 cxd4 4. Nxd4 Nc6 5. Nb5 d6 6. Bf4 e5 7. Be3 a6 8. N5c3
Nf6 9. Bg5 Be7 10. Bxf6 Bxf6 11. Nd5 Bg5 12. Bd3 Be6 13. Nbc3 O-O 14. O-O Rc8
15. Kh1 Kh8 16. g3 Bh6 17. Qh5 Nd4 18. f4 exf4 19. gxf4 f5 20. exf5 Bxf5 21.
Rae1 Bxd3 22. cxd3 Nf5 23. Re6 Qd7 24. Rfe1 Qc6 25. R1e4 b5 26. Qh3 Rcd8 27.
Nb4 Qb7 28. Nbd5 Qc6 29. a3 a5 30. Qg2 Qc5 31. b4 axb4 32. axb4 Qc6 33. Qb2 Rc8
34. Kg2 g6 35. Qb3 Bg7 36. Ne2 Ra8 37. Kh3 Qb7 38. Ne7 Nxe7 39. Rxe7 Qc8+ 40.
Qe6 Qc2 41. Qxd6 Rfd8 42. Qe6 Qxd3+ 43. Ng3 Qc3 44. f5 Qf6 45. Rf7 Qxe6 46.
Rxe6 Rf8 47. fxg6 hxg6 48. Rb7 Rab8 49. Reb6 Rxb7 50. Rxb7 Rf4 51. Rxb5 Bf8 52.
Rb8 Kg7 53. b5 Rb4 54. Rb7+ Kh6 55. Rb8 Bd6 56. Rh8+ Kg7 57. Ra8 Bxg3 58. hxg3
Rxb5 1/2-1/2

[Event "III Scaccomatto A"]
[Site "Torino ITA"]
[Date "2000.11.25"]
[Round "8"]
[White "Mrdja, Milan"]
[Black "Cebalo, Miso"]
[Result "1/2-1/2"]
[WhiteElo "2431"]
[BlackElo "2520"]
[PlyCount "33"]
[EventDate "2000.11.18"]

1. e4 c5 2. Nf3 d6 3. d4 cxd4 4. Nxd4 Nf6 5. Nc3 g6 6. Be3 Bg7 7. f3 O-O 8. Qd2
Nc6 9. O-O-O Nxd4 10. Bxd4 Be6 11. Kb1 Qc7 12. Bb5 a6 13. Ba4 b5 14. Bb3 Rac8
15. h4 b4 16. Nd5 Bxd5 17. exd5 1/2-1/2

[Event "III Scaccomatto A"]
[Site "Torino ITA"]
[Date "2000.11.25"]
[Round "8"]
[White "Paragua, Mark"]
[Black "Delchev, Aleksander"]
[Result "1-0"]
[WhiteElo "2412"]
[BlackElo "2548"]
[PlyCount "59"]
[EventDate "2000.11.18"]

1. e4 c5 2. Nf3 e6 3. d3 d5 4. Nbd2 Nc6 5. g3 g6 6. Bg2 Bg7 7. O-O Nge7 8. Re1
a5 9. a4 b6 10. c3 Ba6 11. exd5 exd5 12. Nb3 O-O 13. d4 c4 14. Nbd2 b5 15. axb5
Bxb5 16. b3 cxb3 17. Nxb3 a4 18. Nc5 Ra7 19. Bf1 Qa5 20. Bd2 Bxf1 21. Rxa4 Qb5
22. Rxa7 Nxa7 23. Rxf1 Nac6 24. Qb1 Qc4 25. Qd3 Na5 26. Rb1 Qa2 27. Bg5 Nec6
28. Nd7 Rc8 29. Re1 h6 30. Qa6 1-0

[Event "III Scaccomatto A"]
[Site "Torino ITA"]
[Date "2000.11.25"]
[Round "8"]
[White "Raviola, Giuseppe"]
[Black "Diana, Riccardo"]
[Result "1/2-1/2"]
[WhiteElo "1909"]
[BlackElo "1947"]
[PlyCount "61"]
[EventDate "2000.11.18"]

1. e4 e5 2. Nf3 Nc6 3. Bc4 Bc5 4. O-O Nf6 5. d3 d6 6. Bg5 h6 7. Bxf6 Qxf6 8. h3
Be6 9. Bxe6 fxe6 10. c3 O-O 11. Nbd2 Ne7 12. a4 a6 13. Rc1 Ng6 14. g3 Rf7 15.
Kg2 Raf8 16. Qb3 c6 17. a5 Ba7 18. Qa4 Qe7 19. Rce1 Rf6 20. d4 Qf7 21. Re3 Kh7
22. Qd1 exd4 23. cxd4 e5 24. dxe5 Nxe5 25. Rb3 Bc5 26. Qe2 Kh8 27. Nxe5 Rxf2+
28. Rxf2 Qxf2+ 29. Qxf2 Rxf2+ 30. Kh1 dxe5 31. Nc4 1/2-1/2

[Event "III Scaccomatto A"]
[Site "Torino ITA"]
[Date "2000.11.25"]
[Round "8"]
[White "Rossi, Giampiero"]
[Black "Cantore, Alberto"]
[Result "1/2-1/2"]
[WhiteElo "2101"]
[BlackElo "2168"]
[PlyCount "102"]
[EventDate "2000.11.18"]

1. d4 Nf6 2. c4 e6 3. Nc3 c5 4. dxc5 Qa5 5. Nf3 Nc6 6. e3 Bxc5 7. Be2 d5 8.
cxd5 Nxd5 9. Bd2 Nxc3 10. Bxc3 Bb4 11. Bxb4 Qxb4+ 12. Qd2 Ke7 13. Qxb4+ Nxb4
14. O-O Rd8 15. a3 Nc6 16. Rfd1 Bd7 17. Nd4 a6 18. Nxc6+ Bxc6 19. Rxd8 Rxd8 20.
Rd1 Rxd1+ 21. Bxd1 a5 22. f3 Kd6 23. Kf2 Kc5 24. Ke2 e5 25. Kd2 b5 26. Kc3 b4+
27. axb4+ axb4+ 28. Kd2 g5 29. g3 Bd5 30. e4 Be6 31. Ke3 f6 32. Ba4 Kc4 33. Bc2
Bh3 34. Bd1 h5 35. Bc2 h4 36. Bd1 hxg3 37. hxg3 Bf1 38. Ba4 Kc5 39. Bc2 Kc4 40.
Ba4 Bh3 41. Bc2 Bd7 42. Bd1 Be6 43. Bc2 b3 44. Bd3+ Kc5 45. Bb1 g4 46. fxg4
Bxg4 47. Bd3 Bd1 48. Bf1 Bg4 49. Ba6 Be6 50. Be2 Bf7 51. Bd3 Be6 1/2-1/2

[Event "III Scaccomatto A"]
[Site "Torino ITA"]
[Date "2000.11.25"]
[Round "8"]
[White "Spinelli, Doriano"]
[Black "Sarno, Spartaco"]
[Result "0-1"]
[WhiteElo "2189"]
[BlackElo "2398"]
[PlyCount "120"]
[EventDate "2000.11.18"]

1. e4 d6 2. Bc4 Nf6 3. d3 c6 4. Bb3 g6 5. Nf3 Bg7 6. c3 O-O 7. Bg5 Na6 8. O-O
Nc5 9. Bc2 a5 10. Re1 Ne6 11. Bh4 b5 12. a4 bxa4 13. Rxa4 Rb8 14. Ra2 Nf4 15.
Nbd2 e5 16. Nc4 Be6 17. Qa1 h6 18. Ra4 Bxc4 19. dxc4 g5 20. Bg3 Nd7 21. b3 Nc5
22. Ra3 Ng6 23. Nd2 Nb7 24. b4 h5 25. f3 axb4 26. cxb4 Qb6+ 27. Bf2 Qxb4 28.
Rd1 Nc5 29. Nb3 Nxb3 30. Bxb3 Nf4 31. Kf1 Ne6 32. Be1 Qc5 33. Ra5 Qe3 34. Bc2
Nd4 35. Bd3 Nb3 36. Qa2 Nxa5 37. Bf2 Qf4 38. Bg3 Qf6 39. Qxa5 g4 40. Be2 h4 41.
Bf2 gxf3 42. Bxf3 h3 43. Qa3 Qe6 44. Be2 hxg2+ 45. Kxg2 Qg6+ 46. Kh1 Rb1 47.
Qd3 Rxd1+ 48. Bxd1 Ra8 49. Bg3 Ra1 50. Kg2 Rxd1 51. Qxd1 Qxe4+ 52. Kh3 d5 53.
cxd5 cxd5 54. Qc1 Qf5+ 55. Kg2 e4 56. Qc6 Kh7 57. Qe8 d4 58. Qd8 d3 59. Be1 e3
60. Qh4+ Bh6 0-1

[Event "III Scaccomatto A"]
[Site "Torino ITA"]
[Date "2000.11.25"]
[Round "8"]
[White "Ulibin, Mikhail"]
[Black "Georgiev, Vladimir"]
[Result "1/2-1/2"]
[WhiteElo "2568"]
[BlackElo "2577"]
[PlyCount "124"]
[EventDate "2000.11.18"]

1. d4 d5 2. c4 c6 3. Nc3 Nf6 4. e3 a6 5. Bd3 b5 6. b3 Bg4 7. Nge2 Bh5 8. O-O
Nbd7 9. f3 Bg6 10. Nf4 dxc4 11. bxc4 e5 12. Nxg6 hxg6 13. Ne4 Qc7 14. f4 bxc4
15. Nxf6+ Nxf6 16. Bxc4 exf4 17. exf4 Bd6 18. Qe2+ Kf8 19. Bxa6 Qa7 20. Bc4 Re8
21. Qd3 Re4 22. h3 Qxd4+ 23. Qxd4 Rxd4 24. Bb3 Rh5 25. Be3 Re4 26. Bf2 Rxf4 27.
Rac1 c5 28. Rfd1 Be7 29. Bg3 Rb4 30. Be1 Rb7 31. Bc4 Nd7 32. a4 Ne5 33. Be2 Rf5
34. Rb1 Rxb1 35. Rxb1 Bd6 36. a5 c4 37. Bf2 Nc6 38. a6 Bc5 39. Bf3 c3 40. Rc1
Bxf2+ 41. Kxf2 Rc5 42. Bxc6 Rxc6 43. Ra1 Rc8 44. Ke2 Ke7 45. a7 c2 46. Kd2 Kd6
47. Kc1 Ra8 48. Kxc2 Kc6 49. Kc3 Kb7 50. Kb4 g5 51. Kb5 f6 52. Ra6 Rxa7 53.
Rxa7+ Kxa7 54. Kc6 Kb8 55. Kd7 Kb7 56. Ke6 Kc7 57. Kf7 Kd6 58. Kxg7 Ke6 59. Kg6
Ke5 60. g3 Ke6 61. h4 gxh4 62. gxh4 f5 1/2-1/2

[Event "III Scaccomatto A"]
[Site "Torino ITA"]
[Date "2000.11.26"]
[Round "9"]
[White "Cantore, Alberto"]
[Black "Genova, Ruzka"]
[Result "0-1"]
[WhiteElo "2168"]
[BlackElo "2191"]
[PlyCount "119"]
[EventDate "2000.11.18"]

1. Nf3 c5 2. c4 Nc6 3. d4 cxd4 4. Nxd4 g6 5. e4 Bg7 6. Be3 Nf6 7. Nc3 Qa5 8.
Nb3 Qd8 9. Be2 O-O 10. O-O d6 11. Rc1 b6 12. f3 Bb7 13. Qd2 Rc8 14. Rfd1 Re8
15. a3 Ne5 16. Nd5 Ba6 17. Nxf6+ Bxf6 18. c5 Bxe2 19. Qxe2 bxc5 20. Nxc5 Qa5
21. Nb3 Qa4 22. Nd4 Nd7 23. Qb5 Qxb5 24. Nxb5 Bxb2 25. Rb1 Rc2 26. Bxa7 Bf6 27.
Bd4 Ra8 28. Bxf6 Nxf6 29. Rdc1 Rxc1+ 30. Rxc1 Ra5 31. Rb1 g5 32. Kf2 d5 33.
exd5 Nxd5 34. Rb3 Kg7 35. Nd4 Ra4 36. Nf5+ Kf6 37. Ne3 e6 38. Nxd5+ exd5 39.
Re3 h5 40. Ke2 h4 41. Kd2 Kf5 42. Rb3 Ke5 43. g4 f5 44. gxf5 Kxf5 45. h3 Ke5
46. Ke2 Ra5 47. Re3+ Kf4 48. Kf2 Rb5 49. Rd3 Rb2+ 50. Kg1 Ke5 51. Kf1 Ra2 52.
Rb3 d4 53. Kg1 Kd5 54. Rb4 d3 55. Rb3 Kc4 56. Rb1 Kc3 57. Kf1 Kc2 58. Rb8 Ra1+
59. Kf2 d2 60. Rc8+ 0-1

[Event "III Scaccomatto A"]
[Site "Torino ITA"]
[Date "2000.11.26"]
[Round "9"]
[White "Diana, Riccardo"]
[Black "Soncin, Denis"]
[Result "1/2-1/2"]
[WhiteElo "1947"]
[BlackElo "2147"]
[PlyCount "40"]
[EventDate "2000.11.18"]

1. c4 e5 2. Nc3 Nc6 3. g3 d6 4. Bg2 g6 5. Nf3 Bg7 6. O-O Be6 7. d3 f5 8. Bd2
Nge7 9. Rb1 O-O 10. b4 f4 11. b5 Nd4 12. Ng5 Bc8 13. e3 h6 14. exd4 hxg5 15.
dxe5 Bxe5 16. Nd5 Nxd5 17. Bxd5+ Kg7 18. d4 Bxd4 19. Bxf4 gxf4 20. Qxd4+ Qf6
1/2-1/2

[Event "III Scaccomatto A"]
[Site "Torino ITA"]
[Date "2000.11.26"]
[Round "9"]
[White "Fittante, Giuliana"]
[Black "Rossi, Giampiero"]
[Result "0-1"]
[WhiteElo "1812"]
[BlackElo "2101"]
[PlyCount "106"]
[EventDate "2000.11.18"]

1. d4 d5 2. Nf3 c6 3. c3 Bf5 4. Bf4 Nf6 5. e3 Nbd7 6. Nh4 Bxb1 7. Rxb1 e6 8.
Nf3 Be7 9. h3 O-O 10. Be2 Qb6 11. O-O Rfc8 12. b4 Ne4 13. Rb3 Bd6 14. Ne5 Qc7
15. f3 Nef6 16. Nxd7 Nxd7 17. Bxd6 Qxd6 18. Qe1 a6 19. Qh4 e5 20. Bd3 g6 21.
Qg3 Qe6 22. f4 exd4 23. exd4 Re8 24. Rf3 Qe1+ 25. Kh2 Qxg3+ 26. Rxg3 Nf6 27.
Rb2 Ne4 28. Bxe4 Rxe4 29. f5 Rae8 30. fxg6 hxg6 31. Rf2 Re2 32. Rgf3 Rxf2 33.
Rxf2 Re3 34. Rf3 Re2 35. a4 Kg7 36. a5 f5 37. Kg3 Kf6 38. h4 Re4 39. Kh3 g5 40.
hxg5+ Kxg5 41. Rg3+ Rg4 42. Rxg4+ fxg4+ 43. Kg3 Kf5 44. Kh4 Kf4 45. Kh5 Kg3 46.
Kg5 Kxg2 47. Kxg4 Kf2 48. Kf5 Ke3 49. Ke6 Kd3 50. Kd7 Kxc3 51. Kc7 Kxb4 52.
Kxb7 Kb5 53. Kc7 c5 0-1

[Event "III Scaccomatto A"]
[Site "Torino ITA"]
[Date "2000.11.26"]
[Round "9"]
[White "Romanishin, Oleg M."]
[Black "Georgiev, Vladimir"]
[Result "0-1"]
[WhiteElo "2602"]
[BlackElo "2577"]
[PlyCount "76"]
[EventDate "2000.11.18"]

1. Nf3 d6 2. c4 e5 3. Nc3 f5 4. g3 Nf6 5. Bg2 g6 6. d3 Bg7 7. Bg5 h6 8. Bd2 O-O
9. h4 Nc6 10. Qc1 Kh7 11. Nd5 Nh5 12. Bc3 Be6 13. Qd2 Qd7 14. Ng1 Rae8 15.
O-O-O Nd8 16. e3 c6 17. Nb4 b5 18. Nc2 Nb7 19. b3 a5 20. cxb5 cxb5 21. d4 b4
22. Bb2 e4 23. Ne2 d5 24. Kb1 Ra8 25. Nf4 Rfb8 26. Bf1 Nxf4 27. gxf4 h5 28. Rc1
Nd6 29. Na1 a4 30. Rc5 axb3 31. Nxb3 Nc4 32. Qc2 Qa7 33. Bc1 Bf8 34. Be2 Rb6
35. Rd1 Ra6 36. Bxc4 Rxa2 37. Ra5 Rxa5 38. Nxa5 dxc4 0-1

[Event "III Scaccomatto A"]
[Site "Torino ITA"]
[Date "2000.11.26"]
[Round "9"]
[White "Sarno, Spartaco"]
[Black "Maccagno, Giancarlo"]
[Result "1-0"]
[WhiteElo "2398"]
[BlackElo "2152"]
[PlyCount "65"]
[EventDate "2000.11.18"]

1. c4 f5 2. g3 g6 3. Bg2 Nf6 4. Nc3 Bg7 5. e3 O-O 6. Nge2 e5 7. d3 d6 8. O-O
Nc6 9. Rb1 a5 10. b3 g5 11. f4 exf4 12. exf4 g4 13. d4 Ne7 14. d5 c6 15. dxc6
bxc6 16. Ba3 Ra7 17. Kh1 Rd7 18. Nd4 Rc7 19. Re1 Re8 20. Qd3 d5 21. Rxe7 Rexe7
22. Bxe7 Qxe7 23. cxd5 Nxd5 24. Nxd5 cxd5 25. Bxd5+ Kh8 26. Nxf5 Qd7 27. Nxg7
Bb7 28. Rd1 Rc5 29. Bxb7 Qxb7+ 30. Kg1 Qb6 31. Qd4 Kg8 32. Nf5 Qe6 33. Qg7# 1-0

[Event "III Scaccomatto A"]
[Site "Torino ITA"]
[Date "2000.11.26"]
[Round "9"]
[White "Scarenzio, Renato"]
[Black "Jurkovic, Ante"]
[Result "0-1"]
[WhiteElo "2024"]
[BlackElo "2370"]
[PlyCount "64"]
[EventDate "2000.11.18"]

1. d4 g6 2. c4 Bg7 3. Nc3 d6 4. e4 Nc6 5. Be3 e5 6. d5 Nce7 7. f3 f5 8. Bd3 Nf6
9. Nge2 O-O 10. O-O f4 11. Bf2 g5 12. c5 Ng6 13. Qb3 Rf7 14. c6 b6 15. Qa4 a6
16. b4 h5 17. b5 a5 18. Rad1 Bh6 19. Nc1 Rg7 20. Bc4 g4 21. Rd3 Kf7 22. Nb3
gxf3 23. Rxf3 Bg4 24. Rd3 f3 25. g3 h4 26. Nd2 Bxd2 27. Rxd2 Qh8 28. Bd3 Nh5
29. Rfd1 hxg3 30. hxg3 Nf6 31. Be3 Rh7 32. Kf2 Rh2+ 0-1

[Event "III Scaccomatto A"]
[Site "Torino ITA"]
[Date "2000.11.26"]
[Round "9"]
[White "Straub, Peter"]
[Black "Raviola, Giuseppe"]
[Result "1-0"]
[WhiteElo "2086"]
[BlackElo "1909"]
[PlyCount "105"]
[EventDate "2000.11.18"]

1. d4 Nf6 2. Nf3 d5 3. c4 e6 4. Nc3 Be7 5. Bg5 Nbd7 6. e3 O-O 7. Bd3 b6 8. cxd5
exd5 9. O-O Bb7 10. Bxf6 Nxf6 11. Ne5 Bd6 12. f4 Ne4 13. Qh5 f5 14. Rf3 Qe8 15.
Qh4 Bxe5 16. fxe5 g5 17. Qh6 Qg6 18. Qxg6+ hxg6 19. Bxe4 dxe4 20. Rg3 g4 21. h3
gxh3 22. Rxg6+ Kh7 23. Rg3 f4 24. Rxh3+ Kg6 25. Rf1 fxe3 26. Rg3+ Kh5 27. Rxe3
Rxf1+ 28. Kxf1 Rd8 29. Nxe4 Rxd4 30. Ng3+ Kg4 31. Ne2 Rd2 32. e6 Bc6 33. e7 Be8
34. Rg3+ Kf5 35. Rg8 Bb5 36. e8=Q Bxe8 37. Rxe8 Rxb2 38. a3 c5 39. Kf2 a5 40.
Re3 b5 41. Rc3 c4 42. Ke3 Ke5 43. a4 Rb3 44. Rxb3 cxb3 45. axb5 a4 46. Kd3 Kd5
47. Nc3+ Kc5 48. Nxa4+ Kxb5 49. Nb2 Kc5 50. Ke4 Kb4 51. g4 Kc5 52. Ke5 Kb4 53.
Kd4 1-0